00667nam a2200181 a 450000100100000000500170001000800410002704000250006808200190009310000240011224501190013626000500025530000280030550000680033350400330040170000310043470000200046500000644520200929153931.0900928s1989 bo a b 000 0dspa  aDO-SdBNPbspacBNPHU axxxxxxbxxxxxx1 aCrespo R., Alberto.13aLa Ciudad de La Paz :bsu historia - su cultura /cAlberto Crespo Rodas, Mariano Baptista Gumucio, José de Mesa. aLa Paz, Bolivia :bAlcaldia Municipal,c1989. a638 p. :bil. ;c22 cm. aIncluye datos biográficos de los autores en la contracubierta aBibliografía : p. 635-636.1 aBaptista Gumucio, Mariano.1 aMesa, José de